20 Best selling indie games of all time - Statistics

General Stats
  • This quiz has been taken 216 times
  • The average score is 6 of 20
Answer Stats
Answer % Correct
Minecraft 200,000,000
83%
Undertale 1,300,000
72%
Hollow Knight 3,000,000
70%
Terraria 35,000,000
56%
Stardew Valley 10,000,000
51%
Cuphead 6,000,000
39%
Among Us 15,000,000
35%
Shovel Knight 2,650,000
30%
Dead Cells 5,000,000
25%
Rocket League 40,000,000
19%
Fall Guys 11,000,000
17%
Enter The Gungeon 3,000,000
13%
Limbo 6,000,000
13%
Human Fall Flat 30,000,000
11%
Castle Crashers 20,000,000
8%
Firewatch 2,500,000
8%
Satisfactory 1,300,000
7%
Untitled Goose Game 1,000,000
7%
Valheim 7,000,000
7%
The Long Dark 5,000,000
4%
No matching quizzes found
Score Distribution
Percent of People with Each Score
Percentile by Number Answered
Your Score History
You have not taken this quiz